Normal view
MARC view
Entry Personal Name
001 - CONTROL NUMBER
- control field: 160168
003 - CONTROL NUMBER IDENTIFIER
- control field: OSt
005 - DATE AND TIME OF LATEST TRANSACTION
- control field: 20220923211303.0
008 - FIXED-LENGTH DATA ELEMENTS
- fixed length control field: 220923|| aca||aabn | a|a d
040 ## - CATALOGING SOURCE
- Original cataloging agency: OSt
- Transcribing agency: OSt
100 ## - HEADING--PERSONAL NAME
- Personal name: तेलतुमड़े, आनंद; सिन्हा, अनिल, अनु
670 ## - SOURCE DATA FOUND
- Source citation: Work cat.: (OSt)298138: तेलतुमड़े, आनंद; सिन्हा, अनिल, अनु., साम्राज्यवाद का विरोध और जातियों का उन्मूलन, 2010
